[Event "Quebec Elite qual."]
[Site "Gatineau CAN"]
[Date "2013.01.22"]
[Round "2"]
[White "Choiniere, Rene"]
[Black "Potvin, Daniel"]
[Result "0-1"]
[WhiteElo "1589"]
[BlackElo "1676"]
[PlyCount "78"]
[GameId "2160767909382051"]
[EventDate "2013.01.15"]
[EventType "swiss"]
[EventRounds "5"]
[EventCountry "CAN"]
[SourceTitle "EXT 2022"]
[Source "ChessBase"]
[SourceDate "2021.10.06"]
[SourceVersion "1"]
[SourceVersionDate "2021.10.06"]
[SourceQuality "1"]

1. e4 b6 2. d4 Bb7 3. Nc3 e6 4. Nf3 Bb4 5. Bd3 Nf6 6. Bg5 h6 7. Bxf6 Qxf6 8. O-O O-O 9. a3 Bxc3 10. bxc3 d6 11. Re1 Nd7 12. a4 c5 13. Bf1 Qe7 14. a5 e5 15. d5 Nf6 16. Ra3 Qd7 17. c4 Qg4 18. Nd2 Qd7 19. Nb1 Qc7 20. Qd2 Rfb8 21. axb6 axb6 22. Rxa8 Rxa8 23. Nc3 Bc8 24. Nb5 Qd8 25. Qc3 Kf8 26. Qb3 Ng4 27. h3 Nf6 28. Nc3 Qc7 29. Bd3 Bd7 30. Rb1 Ra6 31. Nb5 Qb7 32. Qb2 Ne8 33. Ra1 Ra5 34. Rb1 Bxb5 35. cxb5 Qa7 36. c4 Ra2 37. Qc1 Qa5 38. Rb2 Qa3 39. Rb1 Qxd3 0-1

[Event "Quebec Elite qual."]
[Site "Gatineau CAN"]
[Date "2013.01.22"]
[Round "2"]
[White "Dagenais, Benoit"]
[Black "Guimond, Michel"]
[Result "1-0"]
[WhiteElo "1738"]
[BlackElo "1930"]
[PlyCount "119"]
[GameId "2160767909382052"]
[EventDate "2013.01.15"]
[EventType "swiss"]
[EventRounds "5"]
[EventCountry "CAN"]
[SourceTitle "EXT 2022"]
[Source "ChessBase"]
[SourceDate "2021.10.06"]
[SourceVersion "1"]
[SourceVersionDate "2021.10.06"]
[SourceQuality "1"]

1. g3 d5 2. Nf3 Nf6 3. d3 e6 4. Bg2 Bd6 5. Nbd2 c6 6. e4 Qc7 7. O-O Nbd7 8. Re1 O-O 9. Nd4 Qb6 10. N4b3 a5 11. a4 e5 12. exd5 cxd5 13. d4 exd4 14. Nf3 Ne4 15. Nfxd4 f5 16. Qe2 Ndf6 17. Be3 Ng4 18. Nxf5 Nxe3 19. Qxe3 Qxe3 20. Nxe3 Nxf2 21. Bxd5+ Kh8 22. Rf1 Nh3+ 23. Kg2 Ng5 24. Rxf8+ Bxf8 25. h4 Ne6 26. Rf1 g6 27. Rf7 Kg8 28. Rc7 Kh8 29. Bxe6 Bxe6 30. Rxb7 Bh6 31. Rb6 Re8 32. Nc5 Bg8 33. Ng4 Bf8 34. Nd7 Bd5+ 35. Kf2 Be6 36. Ngf6 Bxd7 37. Nxd7 Bg7 38. Kf3 Bd4 39. Rb8 Rxb8 40. Nxb8 Bxb2 41. c4 Kg8 42. Ke4 Kf7 43. Kd5 Kf6 44. g4 Bc3 45. c5 Ke7 46. Kc6 Kd8 47. Kb7 h5 48. gxh5 gxh5 49. c6 Be5 50. Na6 Ke7 51. c7 Bxc7 52. Nxc7 Kf6 53. Ka6 Kf5 54. Kxa5 Kg4 55. Kb5 Kxh4 56. a5 Kg3 57. a6 h4 58. a7 h3 59. a8=Q Kh2 60. Qf3 1-0

[Event "Quebec Elite qual."]
[Site "Gatineau CAN"]
[Date "2013.01.22"]
[Round "2"]
[White "Danilov, Alex"]
[Black "Rose, Richard1"]
[Result "1-0"]
[WhiteElo "1693"]
[BlackElo "1894"]
[PlyCount "87"]
[GameId "2160767909382053"]
[EventDate "2013.01.15"]
[EventType "swiss"]
[EventRounds "5"]
[EventCountry "CAN"]
[SourceTitle "EXT 2022"]
[Source "ChessBase"]
[SourceDate "2021.10.06"]
[SourceVersion "1"]
[SourceVersionDate "2021.10.06"]
[SourceQuality "1"]

1. Nf3 c5 2. e4 Nc6 3. d4 cxd4 4. Nxd4 d6 5. Be3 g6 6. Qd2 Bg7 7. Nc3 Nf6 8. f3 Bd7 9. O-O-O O-O 10. g4 a6 11. h4 b5 12. h5 Qa5 13. Nb3 Qd8 14. hxg6 fxg6 15. Nd5 Nxd5 16. exd5 Ne5 17. Qh2 Nc4 18. Qxh7+ Kf7 19. Bh6 Rg8 20. Bxg7 Rxg7 21. Qh6 e5 22. dxe6+ Bxe6 23. Rd4 Qe7 24. Bd3 Ne5 25. Re1 Rc8 26. Qf4+ Kg8 27. Be4 Qc7 28. Kb1 Rf7 29. Qe3 d5 30. Rxd5 Bxd5 31. Bxd5 Qxc2+ 32. Ka1 Nd3 33. Bxf7+ Kxf7 34. Qe7+ Kg8 35. Qe6+ Kg7 36. Qd7+ Kf8 37. Qd6+ Kg7 38. Qd4+ Kf7 39. Rh1 Ke6 40. Qg7 Kd5 41. Qf7+ Ke5 42. f4+ Ke4 43. Qe6+ Kf3 44. Nd4+ 1-0

[Event "Quebec Elite qual."]
[Site "Gatineau CAN"]
[Date "2013.01.22"]
[Round "2"]
[White "Desjardins, Michel"]
[Black "Jobin, Gilles G"]
[Result "1/2-1/2"]
[WhiteElo "1911"]
[BlackElo "1762"]
[PlyCount "134"]
[GameId "2160767909382054"]
[EventDate "2013.01.15"]
[EventType "swiss"]
[EventRounds "5"]
[EventCountry "CAN"]
[SourceTitle "EXT 2022"]
[Source "ChessBase"]
[SourceDate "2021.10.06"]
[SourceVersion "1"]
[SourceVersionDate "2021.10.06"]
[SourceQuality "1"]

1. e4 Nc6 2. Nc3 e6 3. d4 d5 4. e5 Bb4 5. Qg4 g6 6. Nf3 Nge7 7. Bg5 Qd7 8. Bf6 Rg8 9. Bd3 Nf5 10. Bxf5 exf5 11. Qf4 Be7 12. O-O Qd8 13. Qh6 Bxf6 14. exf6 Be6 15. Qxh7 Rf8 16. Rfe1 Qd7 17. Qh6 O-O-O 18. Qf4 Rde8 19. a3 Qd8 20. b4 Qxf6 21. b5 Na5 22. Re5 Nc4 23. Nxd5 Bxd5 24. Rxd5 Re4 25. Qg5 Qe6 26. Rc5 Re8 27. h3 Re2 28. d5 Qe4 29. Qg3 f4 30. Qg4+ Kb8 31. Qd7 Rc8 32. d6 Nb6 33. dxc7+ Ka8 34. Qxf7 Rxf2 35. Re1 Re2 36. Rxe2 Qxe2 37. Qxf4 Qe7 38. Re5 Qxc7 39. Qe4 Qxc2 40. Qxc2 Rxc2 41. Re8+ Rc8 42. Rxc8+ Nxc8 43. Ne5 Ne7 44. g4 Kb8 45. h4 Kc7 46. h5 gxh5 47. gxh5 Kd6 48. Nf7+ Ke6 49. Nd8+ Kf6 50. Nxb7 Nc8 51. Kf2 Nb6 52. Nc5 Kg5 53. a4 Kxh5 54. a5 Nc4 55. Nb3 Nd6 56. b6 axb6 57. axb6 Kg6 58. Na5 Kf6 59. Nc4 Nb7 60. Ke3 Ke6 61. Kd4 Kd7 62. Kd5 Kc8 63. Ne5 Kb8 64. Kc6 Nd8+ 65. Kd7 Kb7 66. Nc4 Nc6 67. Kd6 Na5 1/2-1/2

[Event "Quebec Elite qual."]
[Site "Gatineau CAN"]
[Date "2013.01.22"]
[Round "2"]
[White "Kouassi, Karen"]
[Black "Traversy, Pierre"]
[Result "1-0"]
[WhiteElo "1181"]
[BlackElo "1129"]
[PlyCount "95"]
[GameId "2160767909382055"]
[EventDate "2013.01.15"]
[EventType "swiss"]
[EventRounds "5"]
[EventCountry "CAN"]
[SourceTitle "EXT 2022"]
[Source "ChessBase"]
[SourceDate "2021.10.06"]
[SourceVersion "1"]
[SourceVersionDate "2021.10.06"]
[SourceQuality "1"]

1. e4 c5 2. Nc3 e6 3. Nf3 Nc6 4. Bb5 Qc7 5. O-O a6 6. Bxc6 Qxc6 7. b3 Be7 8. Bb2 d6 9. Re1 e5 10. Nd5 Be6 11. c4 b5 12. d3 Rb8 13. Rb1 b4 14. Nxe5 Qb7 15. Nxf7 Kxf7 16. Qh5+ g6 17. Qf3+ Ke8 18. Bxh8 Bxd5 19. exd5 Qd7 20. Bg7 Qf5 21. Qg3 Rb6 22. Re2 g5 23. Rbe1 Qf4 24. Qh3 Kd8 25. Qxh7 Qf7 26. Qh8 Rb7 27. Bh6 Rd7 28. Bxg5 Kc7 29. Bxe7 Nxe7 30. Re4 Kb7 31. h4 Ng6 32. Qh6 Ne5 33. Rf4 Qg6 34. Qxg6 Nxg6 35. Rg4 Ne5 36. Rg3 Rh7 37. Rh3 Rh5 38. g3 Nxd3 39. g4 Rh8 40. Rxd3 Rxh4 41. Re7+ Kc8 42. Rg7 Rh8 43. Re3 Rd8 44. g5 Kb8 45. Rh7 Kc8 46. g6 Kb8 47. Rf7 Kc8 48. g7 1-0

[Event "Quebec Elite qual."]
[Site "Gatineau CAN"]
[Date "2013.01.22"]
[Round "2"]
[White "Legare, Gilles"]
[Black "Labelle, Julien Sylvain"]
[Result "1/2-1/2"]
[WhiteElo "1065"]
[BlackElo "1055"]
[PlyCount "155"]
[GameId "2160767909382056"]
[EventDate "2013.01.15"]
[EventType "swiss"]
[EventRounds "5"]
[EventCountry "CAN"]
[SourceTitle "EXT 2022"]
[Source "ChessBase"]
[SourceDate "2021.10.06"]
[SourceVersion "1"]
[SourceVersionDate "2021.10.06"]
[SourceQuality "1"]

1. e4 e5 2. Nf3 Nf6 3. Nc3 Nc6 4. a3 d5 5. Bb5 d4 6. Ne2 Bd7 7. d3 Bd6 8. Bd2 O-O 9. b4 a6 10. Ba4 b5 11. Bb3 Qe7 12. Ng3 Bg4 13. Bg5 a5 14. Bxf6 Qxf6 15. Bd5 Ra6 16. h3 Bd7 17. O-O axb4 18. Bxc6 Bxc6 19. Nf5 bxa3 20. h4 g6 21. Nh6+ Kg7 22. Ng4 Qf4 23. Ngh2 a2 24. g3 Qf6 25. Ng4 Qe6 26. Ng5 Qd7 27. Nxh7 Kxh7 28. Nf6+ Kg7 29. Nxd7 Bxd7 30. f4 Rh8 31. f5 b4 32. Qg4 Be7 33. f6+ Bxf6 34. Qxd7 c6 35. Qd6 Bd8 36. Qxe5+ f6 37. Qd6 Rf8 38. Qxd4 Bb6 39. Qf2 Bxf2+ 40. Rxf2 Rb8 41. Kg2 b3 42. cxb3 Rxb3 43. Rd2 Rb1 44. Raxa2 Rxa2 45. Rxa2 f5 46. exf5 gxf5 47. Rd2 Rb4 48. d4 Rb5 49. Kf3 Kf6 50. g4 Rd5 51. g5+ Kg6 52. Ke3 c5 53. dxc5 Rxc5 54. Rd4 Re5+ 55. Kf3 Rc5 56. Kf4 Kh5 57. Ke3 Rc3+ 58. Kf4 Kxh4 59. Kxf5+ Kh5 60. g6 Rf3+ 61. Ke4 Rf6 62. g7 Rg6 63. Rd5+ Kh6 64. Rd7 Rxg7 65. Rd6+ Kh7 66. Kf5 Re7 67. Kf6 Rc7 68. Ke5 Rc5+ 69. Kd4 Rb5 70. Kc4 Rb7 71. Kc5 Kg7 72. Kc6 Re7 73. Kd5 Kf7 74. Ra6 Ke8 75. Ra8+ Kf7 76. Ra6 Rd7+ 77. Kc6 Re7 78. Kc5 1/2-1/2

[Event "Quebec Elite qual."]
[Site "Gatineau CAN"]
[Date "2013.01.22"]
[Round "2"]
[White "Lemieux, Denis"]
[Black "Piche, Guy"]
[Result "1-0"]
[WhiteElo "1522"]
[BlackElo "1543"]
[PlyCount "101"]
[GameId "2160767909382057"]
[EventDate "2013.01.15"]
[EventType "swiss"]
[EventRounds "5"]
[EventCountry "CAN"]
[SourceTitle "EXT 2022"]
[Source "ChessBase"]
[SourceDate "2021.10.06"]
[SourceVersion "1"]
[SourceVersionDate "2021.10.06"]
[SourceQuality "1"]

1. d4 f5 2. c4 e6 3. Nc3 Nf6 4. g3 d5 5. cxd5 exd5 6. Bg2 c6 7. Bg5 Be7 8. Qc2 O-O 9. Bxf6 Bxf6 10. e3 Na6 11. Nf3 Nc7 12. O-O Re8 13. Rfe1 Bd7 14. Rac1 Re7 15. a4 a5 16. b3 Na6 17. Na2 Rc8 18. Bf1 Nc7 19. Bd3 g6 20. Nc3 Ne8 21. Ne2 Nd6 22. h4 Ne4 23. Kg2 Qe8 24. Rh1 h5 25. Nf4 Rg7 26. Nh3 Qe7 27. Bxe4 fxe4 28. Nfg5 Bg4 29. Rh2 Rf8 30. Qc5 Bxh3+ 31. Nxh3 Qe6 32. Nf4 Qg4 33. Qd6 Qf3+ 34. Kf1 Kh7 35. Qxf8 Be7 36. Qc8 Bb4 37. Qe8 Bd2 38. Re1 Bxe1 39. Kxe1 Qg4 40. Qe6 Qf3 41. Qe8 Qg4 42. Qd8 Rf7 43. Qxa5 Qc8 44. Qb6 Qd7 45. Rh1 Rf8 46. Qc5 Rb8 47. a5 b6 48. axb6 Ra8 49. Ne2 Ra2 50. Nc1 Qg4 51. Nxa2 1-0

[Event "Quebec Elite qual."]
[Site "Gatineau CAN"]
[Date "2013.01.22"]
[Round "2"]
[White "Raymond, Daniel"]
[Black "Arsenault, Yves"]
[Result "0-1"]
[WhiteElo "1545"]
[BlackElo "1545"]
[PlyCount "188"]
[GameId "2160767909382058"]
[EventDate "2013.01.15"]
[EventType "swiss"]
[EventRounds "5"]
[EventCountry "CAN"]
[SourceTitle "EXT 2022"]
[Source "ChessBase"]
[SourceDate "2021.10.06"]
[SourceVersion "1"]
[SourceVersionDate "2021.10.06"]
[SourceQuality "1"]

1. e4 c5 2. Nf3 Nc6 3. d4 cxd4 4. Nxd4 Nf6 5. Nc3 e5 6. Nb3 Bb4 7. Bd3 O-O 8. Bg5 Nd4 9. O-O Be7 10. Nxd4 exd4 11. Ne2 Nxe4 12. Bxe7 Qxe7 13. Nxd4 d5 14. Re1 Qb4 15. Nb3 Nf6 16. c3 Qd6 17. h3 Bd7 18. c4 Bc6 19. c5 Qc7 20. Qc2 Rfe8 21. Nd4 Bd7 22. Nb5 Bxb5 23. Bxb5 Rxe1+ 24. Rxe1 Qa5 25. Qe2 a6 26. Bd3 Qxc5 27. Qe5 Qc6 28. Qd4 Rd8 29. Re2 Qd6 30. g4 g5 31. Re5 h6 32. Rf5 Kg7 33. Re5 Rc8 34. Kg2 Rc6 35. f4 gxf4 36. Qxf4 Rb6 37. Kf3 Qb4 38. Qxb4 Rxb4 39. b3 Rb6 40. Ke3 Rd6 41. Kd4 Rc6 42. Re7 b5 43. Re2 Rc1 44. Rh2 Kf8 45. Bc2 Ra1 46. Bd3 Rd1 47. Kc3 Ke7 48. Bf5 a5 49. Re2+ Kd6 50. Kc2 Rh1 51. Re3 b4 52. Kb2 d4 53. Rd3 Ke5 54. a4 Nd5 55. Rg3 Rh2+ 56. Kc1 Nc3 57. Bd3 Kf4 58. Rg1 Rxh3 59. Bc4 f6 60. Rf1+ Rf3 61. Rh1 Kg5 62. Rh5+ Kxg4 63. Rxh6 Kg5 64. Rh7 Rf5 65. Kd2 Re5 66. Kd3 Re4 67. Rg7+ Kf4 68. Rh7 f5 69. Ba6 Kg5 70. Bb7 Rf4 71. Bc6 Ne4 72. Ra7 Rf3+ 73. Kxd4 Rxb3 74. Rxa5 Kf4 75. Re5 Nd2 76. Rb5 Kg4 77. Kc5 Rc3+ 78. Kb6 b3 79. a5 Nc4+ 80. Kc7 b2 81. a6 Ra3 82. Bb7 Ra1 83. Kb8 b1=Q 84. Rxb1 Rxb1 85. a7 Nb6 86. Kc7 f4 87. Be4 Rb4 88. Kc6 f3 89. Bxf3+ Kxf3 90. Kc5 Rb2 91. Kc6 Ke4 92. Kb7 Kd5 93. Ka6 Kc6 94. a8=Q+ Nxa8 0-1

[Event "Quebec Elite qual."]
[Site "Gatineau CAN"]
[Date "2013.01.22"]
[Round "2"]
[White "Scantland, Patrick"]
[Black "Groleau, Gilles"]
[Result "1/2-1/2"]
[WhiteElo "1909"]
[BlackElo "1918"]
[PlyCount "62"]
[GameId "2160767909382059"]
[EventDate "2013.01.15"]
[EventType "swiss"]
[EventRounds "5"]
[EventCountry "CAN"]
[SourceTitle "EXT 2022"]
[Source "ChessBase"]
[SourceDate "2021.10.06"]
[SourceVersion "1"]
[SourceVersionDate "2021.10.06"]
[SourceQuality "1"]

1. d4 Nf6 2. c4 e6 3. Nc3 Bb4 4. Qc2 O-O 5. Bg5 h6 6. Bd2 b6 7. f3 Bb7 8. e4 d5 9. cxd5 exd5 10. e5 Nfd7 11. Bd3 Qh4+ 12. g3 Qxd4 13. f4 Nxe5 14. fxe5 Qxe5+ 15. Nge2 d4 16. Ne4 Bxd2+ 17. Kxd2 Na6 18. Bxa6 Bxe4 19. Bd3 Bxh1 20. Rxh1 c5 21. Rf1 Rac8 22. Bc4 Qe3+ 23. Kd1 Rc7 24. Nf4 d3 25. Qxd3 Qxd3+ 26. Nxd3 Rd8 27. Kc2 Kf8 28. Ne5 f6 29. Ng6+ Ke8 30. Re1+ Kd7 31. Rd1+ Ke8 1/2-1/2

[Event "Quebec Elite qual."]
[Site "Gatineau CAN"]
[Date "2013.01.29"]
[Round "3"]
[White "Arsenault, Yves"]
[Black "Lemieux, Denis"]
[Result "0-1"]
[WhiteElo "1545"]
[BlackElo "1522"]
[PlyCount "98"]
[GameId "2160767909382060"]
[EventDate "2013.01.15"]
[EventType "swiss"]
[EventRounds "5"]
[EventCountry "CAN"]
[SourceTitle "EXT 2022"]
[Source "ChessBase"]
[SourceDate "2021.10.06"]
[SourceVersion "1"]
[SourceVersionDate "2021.10.06"]
[SourceQuality "1"]

1. e4 c6 2. d4 d5 3. exd5 cxd5 4. Nc3 Bf5 5. Bd3 Bxd3 6. Qxd3 e6 7. Nf3 a6 8. O-O Nf6 9. Bg5 Be7 10. Bxf6 Bxf6 11. Ne2 O-O 12. Ng3 g6 13. Rfe1 Nc6 14. c3 Rc8 15. h3 Re8 16. Ne5 Qd6 17. f4 Bg7 18. Qf3 Qd8 19. Re2 Nxe5 20. fxe5 Rf8 21. Rf1 f5 22. exf6 Rxf6 23. Qg4 h5 24. Nxh5 gxh5 25. Qxh5 Rxf1+ 26. Kxf1 Qd6 27. Qg6 Rf8+ 28. Kg1 Rf6 29. Qe8+ Kh7 30. Re5 Bh6 31. g4 Qf8 32. Qxf8 Bxf8 33. g5 Rg6 34. h4 Bd6 35. Re3 e5 36. dxe5 Bc5 37. Kf2 Re6 38. Kf3 Bxe3 39. Kxe3 Rxe5+ 40. Kd4 Rf5 41. a4 b6 42. b4 Kg6 43. a5 bxa5 44. bxa5 Rf4+ 45. Kxd5 Ra4 46. c4 Rxa5+ 47. c5 Ra4 48. c6 Rxh4 49. c7 Rh8 0-1

[Event "Quebec Elite qual."]
[Site "Gatineau CAN"]
[Date "2013.01.29"]
[Round "3"]
[White "Danilov, Alex"]
[Black "Jiang, Qizhe"]
[Result "1-0"]
[WhiteElo "1693"]
[BlackElo "1470"]
[PlyCount "71"]
[GameId "2160767909382061"]
[EventDate "2013.01.15"]
[EventType "swiss"]
[EventRounds "5"]
[EventCountry "CAN"]
[SourceTitle "EXT 2022"]
[Source "ChessBase"]
[SourceDate "2021.10.06"]
[SourceVersion "1"]
[SourceVersionDate "2021.10.06"]
[SourceQuality "1"]

1. e4 d6 2. f4 g6 3. Nf3 Bg7 4. Bc4 Nf6 5. e5 Nfd7 6. e6 fxe6 7. Bxe6 Nc5 8. Bxc8 Qxc8 9. O-O O-O 10. d4 Ne6 11. g3 c6 12. c3 Nd7 13. Qb3 d5 14. Be3 Nb6 15. Nbd2 Nc7 16. Rae1 Kh8 17. a4 a5 18. Qxb6 Ra6 19. Qb3 b5 20. Qd1 b4 21. Bf2 e6 22. Nb3 bxc3 23. bxc3 Ra7 24. Nc5 Re8 25. Re2 Na6 26. Nxa6 Rxa6 27. Rfe1 Ra7 28. Ng5 Rae7 29. Qb1 Rb7 30. Rb2 Ree7 31. Ree2 Bf6 32. Nf3 Qb8 33. Ne5 Qc7 34. Rxb7 Qxb7 35. Qxb7 Rxb7 36. Nxc6 1-0

[Event "Quebec Elite qual."]
[Site "Gatineau CAN"]
[Date "2013.01.29"]
[Round "3"]
[White "Groleau, Gilles"]
[Black "Berthiaume, Serge"]
[Result "1-0"]
[WhiteElo "1918"]
[BlackElo "1424"]
[PlyCount "47"]
[GameId "2160767909382064"]
[EventDate "2013.01.15"]
[EventType "swiss"]
[EventRounds "5"]
[EventCountry "CAN"]
[SourceTitle "EXT 2022"]
[Source "ChessBase"]
[SourceDate "2021.10.06"]
[SourceVersion "1"]
[SourceVersionDate "2021.10.06"]
[SourceQuality "1"]

1. e4 g6 2. d4 Bg7 3. Nf3 c5 4. c3 Nc6 5. d5 Ne5 6. Nxe5 Bxe5 7. f4 Bg7 8. Be3 d6 9. Nd2 a6 10. Be2 Nf6 11. O-O O-O 12. h3 b5 13. g4 e6 14. g5 Ne8 15. dxe6 Bxe6 16. f5 Bd7 17. Bg4 a5 18. f6 Nxf6 19. gxf6 Bxf6 20. Bxd7 Qxd7 21. Rxf6 Qxh3 22. Qf3 Qd7 23. Rf1 Rae8 24. Bh6 1-0

[Event "Quebec Elite qual."]
[Site "Gatineau CAN"]
[Date "2013.01.29"]
[Round "3"]
[White "Guimond, Michel"]
[Black "Choiniere, Rene"]
[Result "1-0"]
[WhiteElo "1930"]
[BlackElo "1589"]
[PlyCount "41"]
[GameId "2160767909382065"]
[EventDate "2013.01.15"]
[EventType "swiss"]
[EventRounds "5"]
[EventCountry "CAN"]
[SourceTitle "EXT 2022"]
[Source "ChessBase"]
[SourceDate "2021.10.06"]
[SourceVersion "1"]
[SourceVersionDate "2021.10.06"]
[SourceQuality "1"]

1. e4 e5 2. Bc4 Nf6 3. d4 Nc6 4. Nf3 d6 5. dxe5 Nxe5 6. Nxe5 dxe5 7. Qxd8+ Kxd8 8. Bxf7 Ke7 9. Bb3 Be6 10. Nc3 Bxb3 11. axb3 a6 12. O-O Ke6 13. h3 Rd8 14. Be3 Be7 15. g3 Nd7 16. Rad1 c6 17. f4 Rhf8 18. Kg2 Bd6 19. f5+ Ke7 20. Rd2 Bc5 21. Rxd7+ 1-0

[Event "Quebec Elite qual."]
[Site "Gatineau CAN"]
[Date "2013.01.29"]
[Round "3"]
[White "Jobin, Gilles G"]
[Black "Scantland, Patrick"]
[Result "1/2-1/2"]
[WhiteElo "1762"]
[BlackElo "1909"]
[PlyCount "82"]
[GameId "2160767909382066"]
[EventDate "2013.01.15"]
[EventType "swiss"]
[EventRounds "5"]
[EventCountry "CAN"]
[SourceTitle "EXT 2022"]
[Source "ChessBase"]
[SourceDate "2021.10.06"]
[SourceVersion "1"]
[SourceVersionDate "2021.10.06"]
[SourceQuality "1"]

1. Nf3 Nf6 2. g3 b6 3. Bg2 Bb7 4. d4 e6 5. O-O d5 6. Nbd2 Nbd7 7. c4 c5 8. Qa4 cxd4 9. cxd5 exd5 10. Nxd4 Bc5 11. N2f3 O-O 12. Bg5 a6 13. Nf5 b5 14. Qh4 Re8 15. N3d4 Qb6 16. b4 Bxd4 17. Nxd4 Ne4 18. Be3 Qf6 19. Qxf6 Ndxf6 20. Rac1 Rac8 21. Rxc8 Rxc8 22. Rc1 Rc4 23. a3 Ng4 24. Bxe4 Nxe3 25. Rxc4 Nxc4 26. Bf3 Nxa3 27. Nf5 Kf8 28. Ne3 f6 29. Bxd5 Bxd5 30. Nxd5 Nc2 31. Kf1 Kf7 32. e4 g6 33. Ke2 Nd4+ 34. Kd3 Ne6 35. f4 f5 36. e5 h5 37. h4 Ke8 38. Ne3 Kd7 39. Nd5 Kc6 40. Ne7+ Kd7 41. Nd5 Kc6 1/2-1/2

[Event "Quebec Elite qual."]
[Site "Gatineau CAN"]
[Date "2013.01.29"]
[Round "3"]
[White "Potvin, Daniel"]
[Black "Piche, Guy"]
[Result "1-0"]
[WhiteElo "1676"]
[BlackElo "1543"]
[PlyCount "87"]
[GameId "2160767909382069"]
[EventDate "2013.01.15"]
[EventType "swiss"]
[EventRounds "5"]
[EventCountry "CAN"]
[SourceTitle "EXT 2022"]
[Source "ChessBase"]
[SourceDate "2021.10.06"]
[SourceVersion "1"]
[SourceVersionDate "2021.10.06"]
[SourceQuality "1"]

1. e4 d6 2. Nc3 Nf6 3. d4 Nbd7 4. Nf3 e5 5. Bg5 Be7 6. Bc4 O-O 7. O-O c6 8. dxe5 dxe5 9. a3 Qc7 10. Qe2 Nc5 11. b4 Ne6 12. Bh4 Nf4 13. Qe1 Bg4 14. Nd2 Rad8 15. f3 Bh5 16. Ne2 Qb6+ 17. Bf2 Qc7 18. Nxf4 exf4 19. Nb3 Nd7 20. Rd1 Ne5 21. Be2 b6 22. Rxd8 Rxd8 23. Qc1 h6 24. Rd1 Bg6 25. Rxd8+ Bxd8 26. Qxf4 Bf6 27. Qe3 Be7 28. Bg3 f6 29. f4 a5 30. fxe5 fxe5 31. Qc3 axb4 32. axb4 Bd6 33. Bc4+ Kf8 34. Qf3+ Ke8 35. c3 Qe7 36. Qg4 Bh7 37. Qc8+ Qd8 38. Bf7+ Ke7 39. Qe6+ Kf8 40. Bh5 Bg8 41. Qf5+ Ke7 42. Nc1 Be6 43. Qg6 Bxb4 44. Bh4+ 1-0

[Event "Quebec Elite qual."]
[Site "Gatineau CAN"]
[Date "2013.01.29"]
[Round "3"]
[White "Raymond, Robert"]
[Black "Legare, Gilles"]
[Result "1-0"]
[WhiteElo "1376"]
[BlackElo "1065"]
[PlyCount "101"]
[GameId "2160767909382070"]
[EventDate "2013.01.15"]
[EventType "swiss"]
[EventRounds "5"]
[EventCountry "CAN"]
[SourceTitle "EXT 2022"]
[Source "ChessBase"]
[SourceDate "2021.10.06"]
[SourceVersion "1"]
[SourceVersionDate "2021.10.06"]
[SourceQuality "1"]

1. e4 e6 2. d3 Ne7 3. g3 b6 4. Bg2 Bb7 5. Nd2 d6 6. Qe2 Ng6 7. Nh3 Be7 8. O-O Nd7 9. f4 a5 10. f5 exf5 11. Rxf5 Nde5 12. d4 Bc8 13. Rf2 Ng4 14. Rf1 O-O 15. Nf2 Nh6 16. c3 Rb8 17. Nf3 Ng4 18. Nxg4 Bxg4 19. Qd3 Bd7 20. Rf2 Be6 21. Be3 b5 22. Qd2 a4 23. Bg5 f6 24. Be3 Qd7 25. d5 Bh3 26. Kh1 Ne5 27. Nxe5 Bxg2+ 28. Kxg2 fxe5 29. Raf1 Bf6 30. Bg5 Qg4 31. Bxf6 Qxe4+ 32. Kg1 Rxf6 33. Rxf6 gxf6 34. Rxf6 Qg4 35. Rh6 Qf5 36. a3 Rf8 37. Qe2 e4 38. Rh5 Qf3 39. Qxf3 exf3 40. Kf2 Rf7 41. Rg5+ Kh8 42. Rg4 h5 43. Rf4 Kg7 44. Kxf3 Rxf4+ 45. Kxf4 Kf6 46. g4 h4 47. g5+ Kg7 48. Kf5 Kg8 49. Kf6 Kf8 50. g6 Kg8 51. g7 1-0

[Event "Quebec Elite qual."]
[Site "Gatineau CAN"]
[Date "2013.01.29"]
[Round "3"]
[White "Rose, Richard1"]
[Black "Gagnon, Fabien"]
[Result "0-1"]
[WhiteElo "1894"]
[BlackElo "1925"]
[PlyCount "90"]
[GameId "2160767909382071"]
[EventDate "2013.01.15"]
[EventType "swiss"]
[EventRounds "5"]
[EventCountry "CAN"]
[SourceTitle "EXT 2022"]
[Source "ChessBase"]
[SourceDate "2021.10.06"]
[SourceVersion "1"]
[SourceVersionDate "2021.10.06"]
[SourceQuality "1"]

1. e4 c5 2. Nf3 Nc6 3. d4 cxd4 4. Nxd4 g6 5. c3 Nf6 6. Bd3 Bg7 7. O-O O-O 8. Nd2 d5 9. exd5 Nxd4 10. cxd4 Qxd5 11. Nb3 b6 12. Be2 Bb7 13. Bf3 Qd7 14. Be3 Rac8 15. Bxb7 Qxb7 16. Rc1 Qa6 17. Rxc8 Rxc8 18. Nc1 Qc4 19. Qd3 Nd5 20. Qe4 e6 21. Nb3 Qe2 22. Nd2 Nxe3 23. Qxe3 Qxe3 24. fxe3 Bh6 25. Kf2 Rc2 26. Ke2 Rxb2 27. Ra1 Bf8 28. a3 Bd6 29. Kd3 Bxh2 30. a4 a5 31. Kc3 Rb4 32. Nf3 Bg3 33. Nd2 Kf8 34. Ne4 Bc7 35. Nf2 b5 36. axb5 Rxb5 37. Nd3 Bd6 38. Nb2 Bb4+ 39. Kc4 Rg5 40. Rg1 Rg3 41. Kd3 h5 42. Nc4 Ke7 43. Ke4 g5 44. Rc1 f5+ 45. Ke5 Rxe3+ 0-1

[Event "Quebec Elite qual."]
[Site "Gatineau CAN"]
[Date "2013.01.29"]
[Round "3"]
[White "Traversy, Pierre"]
[Black "Labelle, Julien Sylvain"]
[Result "1-0"]
[WhiteElo "1129"]
[BlackElo "1055"]
[PlyCount "91"]
[GameId "2160767909382072"]
[EventDate "2013.01.15"]
[EventType "swiss"]
[EventRounds "5"]
[EventCountry "CAN"]
[SourceTitle "EXT 2022"]
[Source "ChessBase"]
[SourceDate "2021.10.06"]
[SourceVersion "1"]
[SourceVersionDate "2021.10.06"]
[SourceQuality "1"]

1. e4 e5 2. Nc3 Nf6 3. Nf3 d6 4. Bc4 Be7 5. d4 Nc6 6. Bg5 h6 7. Bxf6 Bxf6 8. d5 Ne7 9. h3 a6 10. Qd2 b5 11. Bd3 c5 12. dxc6 Nxc6 13. Nd5 Rb8 14. a3 Be6 15. c4 b4 16. axb4 Nd4 17. Nxd4 exd4 18. O-O Bg5 19. f4 Be7 20. f5 Bg5 21. Qe1 Bh4 22. Qe2 Bxd5 23. cxd5 Rxb4 24. Rxa6 Qb8 25. Ra2 O-O 26. Rc1 Bg5 27. Rc2 Be3+ 28. Kf1 Qe8 29. Ke1 Qe5 30. Qf3 Rb3 31. Ke2 g5 32. Bc4 Rc8 33. Bxb3 d3+ 34. Kxe3 Rxc2 35. Kxd3 Rc1 36. Qe3 Rc5 37. Ra8+ Kh7 38. Ra2 Rb5 39. Kc2 Rc5+ 40. Kb1 Qh2 41. Ra7 Qh1+ 42. Ka2 Qxg2 43. Rxf7+ Kg8 44. Ra7 Kf8 45. Qd4 Kg8 46. Qg7# 1-0

[Event "Quebec Elite qual."]
[Site "Gatineau CAN"]
[Date "2013.02.05"]
[Round "4"]
[White "Berthiaume, Serge"]
[Black "Guimond, Michel"]
[Result "0-1"]
[WhiteElo "1424"]
[BlackElo "1930"]
[PlyCount "60"]
[GameId "2160767909382073"]
[EventDate "2013.01.15"]
[EventType "swiss"]
[EventRounds "5"]
[EventCountry "CAN"]
[SourceTitle "EXT 2022"]
[Source "ChessBase"]
[SourceDate "2021.10.06"]
[SourceVersion "1"]
[SourceVersionDate "2021.10.06"]
[SourceQuality "1"]

1. d4 g6 2. Nf3 Bg7 3. Bf4 d6 4. e4 Nf6 5. Nc3 h6 6. h3 O-O 7. Qd2 Kh7 8. Bd3 Nbd7 9. g4 c5 10. e5 cxd4 11. Ne2 dxe5 12. Nxe5 Nc5 13. O-O-O Nxd3+ 14. Qxd3 Qd5 15. Nxd4 Qxa2 16. Qc3 Ne4 17. Qa3 Qxa3 18. bxa3 Nxf2 19. Rh2 Nxd1 20. Kxd1 f6 21. Nxg6 Kxg6 22. Nf3 e5 23. Nh4+ Kh7 24. Be3 Be6 25. Nf5 Rfd8+ 26. Kc1 Bf8 27. Kb2 Rac8 28. Bd2 Bxa3+ 29. Kxa3 Rxc2 30. Bf4 Rd3+ 0-1